000 00238nam a22000977a 4500
082 _a621.3 TOR'P
100 _aTORA, V. D
_980679
245 _aPRINCIPLES OF ELECTRICAL ENGINEERING
260 _aNEWJERSEY
_bPRENTICE HALL
_c1965
942 _cBK
999 _c585577
_d585577